Länder die auf dem Äquator sind. (Sudden Death) - Statistiken

Allgemein
  • Dieses Quiz wurde 155 mal gespielt
  • Das Durchschnittsergebnis liegt bei 4 aus 13
Answers on the Grid
Answers color-coded by a green-red scale on the quiz's grid according to % correct below.
Brasilien
Suriname
Sao Tome und Principe
Somalia
Peru
Äquatorialguinea
Ecuador
Kolumbien
Ruanda
ZAR
Indonesien
Indien
Kiribati
Phillipinen
Tuvalu
DR Kongo
Uganda
St.Lucia
Gabun
Malediven
Rep. Kongo
Seychellen
Kenia
Kamerun
Malaysia
Papua Neuginea
Guyana
Türkei
Bolivien
Burundi
 
Antwortstatistiken
Antwort % Korrekt
Brasilien
54%
Ecuador
49%
Indonesien
46%
DR Kongo
36%
Kolumbien
27%
Rep. Kongo
22%
Somalia
22%
Sao Tome und Principe
20%
Uganda
19%
Kenia
17%
Gabun
15%
Kiribati
15%
Malediven
11%
Keine übereinstimmenden Quizze gefunden
Verteilung der Resultate
Anzahl Personen mit jedem Resultat
Perzentil nach korrekt beantworteten Fragen
Ihre Resultats-Entwicklung
Sie haben dieses Quiz noch nicht gespielt